Big 4 Teams by Championship Years - Statistics

General Stats
  • This quiz has been taken 33 times
  • The average score is 49 of 87
Answer Stats
Hint Answer % Correct
1907, 1908, 2016 Chicago Cubs
91%
1949, 1950, 1952, 1953, 1954, 1972, 1980, 1982, 1985, 1987, 1988, 2000, 2001, 2002, 2009, 2010, 2020 Los Angeles Lakers
86%
1923, 1927, 1928, 1932, 1936, 1937, 1938, 1939, 1941, 1943, 1947, 1949, 1950, 1951, 1952, 1953, 1956, 1958, 1961, 1962, 1977, 1978, 1996, 1998, 1999, 2000, 2009 New York Yankees
86%
2023 (Basketball) Denver Nuggets
82%
1916, 1924, 1930, 1931, 1944, 1946, 1953, 1956, 1957, 1958, 1959, 1960, 1965, 1966, 1968, 1969, 1971, 1973, 1976, 1977, 1978, 1979, 1986, 1993 Montreal Canadiens
82%
2019 (Basketball) Toronto Raptors
82%
1957, 1959, 1960, 1961, 1962, 1963, 1964, 1965, 1966, 1968, 1969, 1974, 1976, 1981, 1984, 1986, 2008, 2024 Boston Celtics
77%
1991, 1992, 1993, 1996, 1997, 1998 Chicago Bulls
73%
2024, 2025 Florida Panthers
73%
1947, 1956, 1975, 2015, 2017, 2018, 2022 Golden State Warriors
73%
2006, 2012, 2013 Miami Heat
73%
1979*, 2025 Oklahoma City Thunder
73%
1985 Chicago Bears
68%
1969, 2019, 2022, 2023 Kansas City Chiefs
68%
1999, 2021 Los Angeles Rams
68%
2009 New Orleans Saints
68%
2023 (Baseball) Texas Rangers
68%
2023 (Hockey) Vegas Golden Knights
68%
1997, 1998, 2015 Denver Broncos
64%
1994, 1995 Houston Rockets
64%
2001, 2003, 2004, 2014, 2016, 2018 New England Patriots
64%
1968 New York Jets
64%
1974, 1975, 1978, 1979, 2005, 2008 Pittsburgh Steelers
64%
1999, 2003, 2005, 2007, 2014 San Antonio Spurs
64%
1905, 1921, 1922, 1933, 1954, 2010, 2012, 2014 San Francisco Giants
64%
1914, 1957, 1995, 2021 Atlanta Braves
59%
2016 Cleveland Cavaliers
59%
1984, 1985, 1987, 1988, 1990 Edmonton Oilers
59%
1966, 1967, 1996, 2010 Green Bay Packers
59%
1955, 1959, 1963, 1965, 1981, 1988, 2020, 2024, 2025 Los Angeles Dodgers
59%
2012, 2014 Los Angeles Kings
59%
1971, 2021 Milwaukee Bucks
59%
1986, 1990, 2007, 2011 New York Giants
59%
1991, 1992, 2009, 2016, 2017 Pittsburgh Penguins
59%
1981, 1984, 1988, 1989, 1994 San Francisco 49ers
59%
2019 (Hockey) St. Louis Blues
59%
2002, 2020 Tampa Bay Buccaneers
59%
2004, 2020, 2021 Tampa Bay Lightning
59%
2019 Washington Nationals
59%
2001 Arizona Diamondbacks
55%
1958 Atlanta Hawks
55%
1903, 1912, 1915, 1916, 1918, 2004, 2007, 2018 Boston Red Sox
55%
1934, 1938, 1961, 2010, 2013, 2015 Chicago Blackhawks
55%
1989, 1990, 2004 Detroit Pistons
55%
1976, 1980, 1983 Las Vegas Raiders
55%
2002 Los Angeles Angels
55%
1980, 1981, 1982, 1983 New York Islanders
55%
1955, 1967, 1983 Philadelphia 76ers
55%
2017, 2024 Philadelphia Eagles
55%
2013, 2025 Seattle Seahawks
55%
1918, 1922, 1932, 1942, 1945, 1947, 1948, 1949, 1951, 1962, 1963, 1964, 1967 Toronto Maple Leafs
55%
1982, 1987, 1991 Washington Commanders
55%
2000, 2012 Baltimore Ravens
50%
1906, 1917, 2005 Chicago White Sox
50%
1996, 2001, 2022 Colorado Avalanche
50%
1971, 1977, 1992, 1993, 1995 Dallas Cowboys
50%
2011 Dallas Mavericks
50%
2017, 2022 Houston Astros
50%
1972, 1973 Miami Dolphins
50%
1995, 2000, 2003 New Jersey Devils
50%
1980, 2008 Philadelphia Phillies
50%
1909, 1925, 1960, 1971, 1979 Pittsburgh Pirates
50%
2018 Washington Capitals
50%
1910, 1911, 1913, 1929, 1930, 1972, 1973, 1974, 1989 Athletics
45%
1966, 1970, 1983 Baltimore Orioles
45%
1929, 1939, 1941, 1970, 1972, 2011 Boston Bruins
45%
1919, 1940, 1975, 1976, 1990 Cincinnati Reds
45%
1936, 1937, 1943, 1950, 1952, 1954, 1955, 1997, 1998, 2002, 2008 Detroit Red Wings
45%
1970, 2006 Indianapolis Colts
45%
1985, 2015 Kansas City Royals
45%
1970, 1973 New York Knicks
45%
1969, 1986 New York Mets
45%
1928, 1933, 1940, 1994 New York Rangers
45%
1974, 1975 Philadelphia Flyers
45%
1926, 1931, 1934, 1942, 1944, 1946, 1964, 1967, 1982, 2006, 2011 St. Louis Cardinals
45%
1992, 1993 Toronto Blue Jays
45%
1989 Calgary Flames
41%
1920, 1948 Cleveland Guardians
41%
1935, 1945, 1968, 1984 Detroit Tigers
41%
1977 Portland Trail Blazers
41%
1951 Sacramento Kings
41%
1978 Washington Wizards
41%
2007 Anaheim Ducks
36%
1999 Dallas Stars
36%
1924, 1987, 1991 Minnesota Twins
36%
2006 Carolina Hurricanes
32%
1997, 2003 Miami Marlins
32%
No matching quizzes found
Score Distribution
Percent of People with Each Score
Percentile by Number Answered
Your Score History
You have not taken this quiz